[Event "Cali Loyola Cup 13th"]
[Site "Cali"]
[Date "2011.08.27"]
[Round "7.12"]
[White "Londono Candelo, Andres Felipe"]
[Black "Perea, Giraldo Juan Manuel"]
[Result "0-1"]
[WhiteElo "1600"]
[BlackElo "1584"]
[PlyCount "74"]
[EventDate "2011.08.25"]
[EventType "swiss"]
[EventRounds "7"]
[EventCountry "COL"]
[SourceTitle "EXT 2024"]
[Source "ChessBase"]
[SourceDate "2023.10.10"]
[SourceVersion "1"]
[SourceVersionDate "2023.10.10"]
[SourceQuality "1"]

1. e4 c5 2. Nf3 Nc6 3. d4 cxd4 4. Nxd4 g6 5. Bc4 Bg7 6. Qf3 Ne5 7. Qe2 Nxc4 8. Qxc4 d6 9. Qe2 Bxd4 10. c3 Bg7 11. 0-0 Nf6 12. Bf4 0-0 13. Nd2 Bd7 14. Rfe1 e5 15. Bg5 h6 16. Bxf6 Bxf6 17. h3 Bg7 18. Rad1 Kh7 19. Nc4 Bb5 20. b3 Bxc4 21. Qxc4 Rc8 22. Qb4 a5 23. Qxb7 Rxc3 24. Qd5 Rc2 25. Rd2 Rxd2 26. Qxd2 Qb6 27. Qd5 f5 28. Re2 fxe4 29. Qxe4 Qd4 30. Qxd4 exd4 31. Re7 Rf5 32. Kf1 d3 33. Ke1 Rd5 34. Kd1 d2 35. a3 Kg8 36. b4 axb4 37. axb4 Bc3 0-1